[Event "EWIBCC 2019"]
[Site "Monte-Carlo"]
[Date "2019.11.29"]
[Round "2.1"]
[White "Zhukova, Natalia"]
[Black "Kosteniuk, Alexandra"]
[Result "1/2-1/2"]
[WhiteElo "2323"]
[BlackElo "2483"]
[Annotator "RC"]
[PlyCount "89"]
[EventDate "2019.11.29"]
[EventType "swiss"]
[EventCountry "MNC"]
[SourceTitle "playchess.com"]
[Source "ChessBase"]
[SourceQuality "1"]
[TimeControl "180+2"]

1. c4 {[%emt 0:00:00]} Nf6 {[%emt 0:00:01]} 2. Nc3 {[%emt 0:00:00]} e5 {[%emt 0:00:00]} 3. Nf3 {[%emt 0:00:02]} Nc6 {[%emt 0:00:01]} 4. e4 {[%emt 0:00:02]} Bb4 {[%emt 0:00:02]} 5. d3 {[%emt 0:00:01]} d6 {[%emt 0:00:01]} 6. Be2 {[%emt 0:00:03]} h6 {[%emt 0:00:08]} 7. O-O {[%emt 0:00:03]} O-O {[%emt 0:00:06]} 8. Na4 {[%emt 0:00:03]} a6 {[%emt 0:00:11]} 9. a3 {[%emt 0:00:02]} Bc5 {[%emt 0:00:01]} 10. Nxc5 {[%emt 0:00:17]} dxc5 {[%emt 0:00:01]} 11. b4 {[%emt 0:00:04]} Qd6 {[%emt 0:00:09]} 12. bxc5 {[%emt 0:00:20]} Qxc5 {[%emt 0:00:02]} 13. a4 {[%emt 0:00:06]} Rd8 {[%emt 0:00:23]} 14. Ba3 {[%emt 0:00:04]} Qa7 {[%emt 0:00:01]} 15. Qe1 {[%emt 0:00:50]} Bg4 {[%emt 0:00:03]} 16. Nd2 {[%emt 0:00:13]} Bxe2 {[%emt 0:00:06]} 17. Qxe2 {[%emt 0:00:01]} Nd4 {[%emt 0:00:00]} 18. Qd1 {[%emt 0:00:14]} Qb6 {[%emt 0:00:01]} 19. Kh1 {[%emt 0:00:03]} Ne6 {[%emt 0:00:08]} 20. Rb1 {[%emt 0:00:08]} Qc6 {[%emt 0:00:01]} 21. Nf3 {[%emt 0:00:18]} Nd7 {[%emt 0:00:14]} 22. Qc1 {[%emt 0:00:28]} Rab8 {[%emt 0:00:10]} 23. Rd1 {[%emt 0:00:01]} Qxa4 {[%emt 0:00:02]} 24. Bb2 {[%emt 0:00:08]} f6 {[%emt 0:00:17]} 25. d4 {[%emt 0:00:01]} exd4 {[%emt 0:00:03]} 26. Nxd4 {[%emt 0:00:01]} Nxd4 {[%emt 0:00:03]} 27. Bxd4 {[%emt 0:00:02]} Qc6 {[%emt 0:00:08]} 28. f3 {[%emt 0:00:02]} Nf8 {[%emt 0:00:06]} 29. c5 {[%emt 0:00:02]} Ne6 {[%emt 0:00:03]} 30. Qc4 {[%emt 0:00:01]} Kh7 {[%emt 0:00:10]} 31. Be3 {[%emt 0:00:02]} b5 {[%emt 0:00:09]} 32. Qc2 {[%emt 0:00:01]} Kg8 {[%emt 0:00:07]} 33. Ra1 {[%emt 0:00:04]} Rxd1+ {[%emt 0:00:06]} 34. Rxd1 {[%emt 0:00:02]} Rd8 {[%emt 0:00:02]} 35. Ra1 {[%emt 0:00:05]} Kf8 {[%emt 0:00:05]} 36. h3 {[%emt 0:00:02]} Ke7 {[%emt 0:00:12]} 37. Bf2 {[%emt 0:00:08]} Nf4 {[%emt 0:00:06]} 38. e5 {[%emt 0:00:03]} fxe5 {[%emt 0:00:01]} 39. Bh4+ {[%emt 0:00:04]} g5 {[%emt 0:00:01]} 40. Qh7+ {[%emt 0:00:01]} Ke8 {[%emt 0:00:09]} 41. Qg8+ {[%emt 0:00:02]} Ke7 {[%emt 0:00:09]} 42. Qg7+ {[%emt 0:00:01]} Ke8 {[%emt 0:00:01]} 43. Qg8+ {[%emt 0:00:00]} Ke7 {[%emt 0:00:03]} 44. Qg7+ {[%emt 0:00:01]} Ke8 {[%emt 0:00:06]} 45. Qg8+ {[%emt 0:00:01]} 1/2-1/2

[Event "EWIBCC 2019"]
[Site "Monte-Carlo"]
[Date "2019.11.29"]
[Round "2.2"]
[White "Unuk, Laura"]
[Black "Chiburdanidze, Maia"]
[Result "0-1"]
[WhiteElo "2298"]
[BlackElo "2500"]
[Annotator "TA"]
[PlyCount "72"]
[EventDate "2019.11.29"]
[EventType "swiss"]
[EventCountry "MNC"]
[SourceTitle "playchess.com"]
[Source "ChessBase"]
[SourceQuality "1"]

{[%evp 14,72,44,35,59,10,53,22,23,12,9,18,12,-8,-9,-18,-12,-34,-39,-29,0,-98,-73,-116,-100,-108,-64,-108,-82,-257,-34,-107,-107,-285,-288,-291,-186,-190,-183,-182,-54,-404,-378,-710,-701,-1154,-1168,-1155,-1141,-1039,-1041,-1462,-1041,-1016,-1002,-2228,-2141,-6640,-6387,-4998,-4998]} 1. d4 e6 2. Nf3 d5 3. c4 c6 4. Qc2 f5 5. g3 Nf6 6. Bg2 Nbd7 7. O-O Bd6 8. Nc3 O-O {A90: Dutch Defence: Miscellaneous and Modern Stonewall (with ...Bd6)} (8... Nf8 9. Ne5 Ng6 10. f4 O-O 11. Rb1 Be7 12. Kh1 Bd7 13. Be3 Qe8 14. Bf2 Nxe5 15. dxe5 Ng4 16. Bg1 dxc4 {½-½ (49) Nihal,S (2578)-Fedoseev,V (2715) Sharjah 2019}) 9. Rb1 b6 10. b4 $146 ({Predecessor:} 10. cxd5 Nxd5 11. e4 Nxc3 12. bxc3 Bb7 13. Ng5 Qe7 14. exf5 Rxf5 15. Bh3 h6 16. Bxf5 exf5 17. Qb3+ Kh8 18. Nf7+ Kh7 19. Nxd6 Qxd6 20. Bf4 {1-0 (20) Medic,M (2228)-Sargac,R (2146) Bol 2014}) 10... Qe7 {The position is equal.} 11. b5 Bb7 12. bxc6 Bxc6 13. cxd5 Nxd5 14. Bg5 Qe8 15. Nb5 Bxb5 $1 16. Rxb5 Rc8 17. Qd2 (17. Qd3 $11 {keeps the balance.}) 17... N7f6 18. Rb3 Ne4 $36 {[%mdl 2048] Black is in control.} 19. Qb2 Qa4 20. h4 Ndc3 21. a3 $2 {[#]} (21. Be3 $17 {was necessary.}) 21... Nd5 $2 (21... Nxe2+ $1 $19 {[%mdl 512]} 22. Kh1 (22. Qxe2 Qxb3) 22... Rc4) 22. Bd2 (22. Nd2 $1 $15) 22... Rc4 $1 $17 23. e3 $2 (23. Ra1 $17) 23... Rfc8 $19 24. Qb1 Ndc3 ({Less strong is} 24... Bxa3 25. Qa2 $17) 25. Bxc3 Nxc3 ({Don't take} 25... Rxc3 26. Rxc3 Nxc3 27. Qb2 $17) 26. Qb2 {[#]} Ne4 ({Black should try} 26... Ne2+ $1 $19 {[%mdl 512]} 27. Qxe2 Qxb3) 27. Ne5 $2 {[%mdl 8192]} (27. Qa2 $1 $15) 27... Rc2 28. Qb1 $2 (28. Rb4 Bxb4 29. Qxb4 Qxb4 30. axb4) 28... Nd2 {[%mdl 64] Double Attack. Black is clearly winning.} 29. Qd1 Qxb3 30. Re1 Bxe5 31. dxe5 Rd8 32. Qe2 Qd3 33. Qxd3 Rxd3 34. e4 fxe4 35. Bxe4 Nxe4 36. Rxe4 Rf3 {Accuracy: White =  7%, Black = 37%.} 0-1

[Event "EWIBCC 2019"]
[Site "Monte-Carlo"]
[Date "2019.11.29"]
[Round "2.3"]
[White "Sebag, Marie"]
[Black "Dornbusch, Tatiana"]
[Result "1-0"]
[WhiteElo "2443"]
[BlackElo "2269"]
[Annotator "NA"]
[PlyCount "49"]
[EventDate "2019.11.29"]
[EventType "swiss"]
[EventCountry "MNC"]
[SourceTitle "playchess.com"]
[Source "ChessBase"]
[SourceQuality "1"]
[TimeControl "180+2"]

1. e4 {[%emt 0:00:00]} Nf6 {[%emt 0:00:00]} 2. e5 {[%emt 0:00:01]} Nd5 {[%emt 0:00:00]} 3. d4 {[%emt 0:00:01]} d6 {[%emt 0:00:00]} 4. Nf3 {[%emt 0:00:02]} Nc6 {[%emt 0:00:01]} 5. c4 {[%emt 0:00:08]} Nb6 {[%emt 0:00:01]} 6. exd6 {[%emt 0:00:23]} exd6 {[%emt 0:00:01]} 7. Nc3 {[%emt 0:00:04]} Be7 {[%emt 0:00:01]} 8. Be2 {[%emt 0:00:01]} O-O {[%emt 0:00:08]} 9. O-O {[%emt 0:00:02]} Bg4 {[%emt 0:00:01]} 10. b3 {[%emt 0:00:12]} Bf6 {[%emt 0:00:09]} 11. Be3 {[%emt 0:00:04]} Re8 {[%emt 0:00:26]} 12. h3 {[%emt 0:00:02]} Bh5 {[%emt 0:00:10]} 13. Rc1 {[%emt 0:00:01]} d5 {[%emt 0:00:04]} 14. c5 {[%emt 0:00:11]} Nc8 {[%emt 0:00:01]} 15. a3 {[%emt 0:00:01]} N8e7 {[%emt 0:00:18]} 16. g4 {[%emt 0:00:05]} Bg6 {[%emt 0:00:03]} 17. g5 {[%emt 0:00:02]} Nf5 {[%emt 0:00:21]} 18. gxf6 {[%emt 0:00:01]} Qxf6 {[%emt 0:00:15]} 19. Nxd5 {[%emt 0:00:18]} Qd8 {[%emt 0:00:09]} 20. Bc4 {[%emt 0:00:03]} Nxe3 {[%emt 0:00:22]} 21. fxe3 {[%emt 0:00:04]} Be4 {[%emt 0:00:10]} 22. Nf4 {[%emt 0:00:16]} Na5 {[%emt 0:00:30]} 23. Bd3 {[%emt 0:00:20]} Bxd3 {[%emt 0:00:26]} 24. Qxd3 {[%emt 0:00:02]} Nc6 {[%emt 0:00:01]} 25. Rce1 {[%emt 0:00:17]} 1-0

[Event "EWIBCC 2019"]
[Site "Monte-Carlo"]
[Date "2019.11.29"]
[Round "2.4"]
[White "Doluhanova, Evgeniya"]
[Black "Stefanova, Antoaneta"]
[Result "0-1"]
[WhiteElo "2276"]
[BlackElo "2481"]
[Annotator "TA"]
[PlyCount "94"]
[EventDate "2019.11.29"]
[EventType "swiss"]
[EventCountry "MNC"]
[SourceTitle "playchess.com"]
[Source "ChessBase"]
[SourceQuality "1"]

{[%evp 12,94,26,8,33,31,39,11,35,23,27,25,45,21,23,22,31,13,9,12,27,10,15,18,11,4,8,0,6,0,8,0,15,14,14,14,21,8,8,9,21,-1,44,28,37,9,22,-13,-7,-5,-5,-6,0,-122,12,-29982,-29983,-29981,-29982,-5406,-184,-203,-47,-541,-267,-267,-267,-267,-264,-263,-255,-362,-344,-324,-317,-300,0,-727,-637,-623,-214,-699,-686,-637,-614]} 1. Nf3 d5 2. b3 Nf6 3. Bb2 g6 4. e3 Bg7 5. c4 c6 6. Nc3 O-O 7. Be2 a6 {A11: English Opening: 1...c6} 8. O-O Nbd7 (8... Bg4 9. d3 Nbd7 10. h3 Bxf3 11. Bxf3 e6 12. Qc2 Re8 13. Rad1 {1-0 (74) Zubov,A (2612)-Postny,E (2580) Yerevan 2017}) 9. Rc1 Re8 {The position is equal.} 10. cxd5 cxd5 11. d4 b6 $146 ({Predecessor:} 11... b5 12. a4 b4 13. Na2 {1-0 (41) Perez Mauricio,X (2179)-Segura Naharro,S (2201) Padron 2015}) 12. Ne5 Bb7 13. Na4 Rc8 14. Nxd7 Nxd7 15. Qd2 b5 16. Nc5 Nxc5 17. Rxc5 Rxc5 18. dxc5 e5 19. Rc1 Bc6 20. b4 Qd7 21. a4 Rd8 22. axb5 axb5 23. Ra1 d4 24. exd4 exd4 25. Bf1 h5 26. Qd3 h4 27. h3 Be5 28. Re1 Bb8 29. Rd1 {[%cal Rd3d4]} Qc7 {[%csl Gb8][%cal Rc7h2]} 30. g3 $1 hxg3 31. fxg3 Qe5 $40 {[%mdl 128] aiming for ...Qd5. Black has some attack.} 32. Rd2 (32. Bg2 $11 {was the only way to keep the balance.} Bxg2 33. Kxg2) 32... Be4 ({Much worse is} 32... Qxg3+ $6 33. Qxg3 Bxg3 34. Rxd4 $11) ({Black should play} 32... Qe1 $17 33. h4 Be5) 33. Qe2 $2 {[%mdl 8192] [#]} (33. Qe3 $11) 33... Qxg3+ 34. Bg2 Bxg2 35. Qxg2 Qe3+ $2 (35... Qe1+ 36. Qf1 Qxd2 {[%mdl 64] Double Attack}) 36. Qf2 $19 {[#] Threatens to win with Qxe3.} Bf4 $2 ({Don't take} 36... Qxh3 37. Rxd4 Rxd4 38. Qxd4 $17) ({Black should try} 36... Qg5+ $1 $19 37. Kh1 Qd5+ 38. Kg1 Be5) 37. Re2 $2 {[%mdl 8192]} (37. Rxd4 $15 Rxd4 38. Bxd4) 37... Qxf2+ (37... Qd3 $142 {Hoping for ...Be3!} 38. Qf1 Be3+ 39. Kh2 Rd5) 38. Kxf2 {[%mdl 4096] Endgame KRB-KRB} d3 39. Re1 d2 {( -> ...Bg3+!)} 40. Rd1 Rd3 41. Ke2 (41. h4 {was called for.}) 41... Rxh3 42. c6 Rb3 43. Bf6 {Rh1 is the strong threat.} Rh3 $2 ({Don't blunder} 43... Rxb4 $2 44. Rh1 $18) (43... Re3+ $19 44. Kf2 Re6 {[%mdl 64] Double Attack}) 44. Bd8 $2 {[%mdl 8192]} (44. Bb2 $11) 44... Rc3 45. c7 {Now Bf6 and White clings on.} Bxc7 $2 (45... Kf8 {Strongly threatening ...Rc1.} 46. Rh1 Ke8) 46. Bxc7 $2 (46. Rxd2 Bf4 47. Rd5) 46... Rxc7 47. Rxd2 Rc4 {Accuracy: White = 35%, Black = 27%.} 0-1

[Event "EWIBCC 2019"]
[Site "Monte-Carlo"]
[Date "2019.11.29"]
[Round "2.5"]
[White "Bensdorp-De Labaca, Marlies"]
[Black "Gaponenko, Inna"]
[Result "0-1"]
[WhiteElo "2228"]
[BlackElo "2427"]
[Annotator "ChessBase"]
[PlyCount "84"]
[EventDate "2019.11.29"]
[EventType "swiss"]
[EventCountry "MNC"]
[SourceTitle "playchess.com"]
[Source "ChessBase"]
[SourceQuality "1"]
[TimeControl "180+2"]

1. d4 {[%emt 0:00:00]} g6 {[%emt 0:00:00]} 2. c4 {[%emt 0:00:00]} Bg7 {[%emt 0:00:00]} 3. e4 {[%emt 0:00:01]} d6 {[%emt 0:00:00]} 4. Nc3 {[%emt 0:00:01]} e5 {[%emt 0:00:07]} 5. d5 {[%emt 0:00:03]} Na6 {[%emt 0:00:03]} 6. Bd3 {[%emt 0:00:02]} Nc5 {[%emt 0:00:03]} 7. Bc2 {[%emt 0:00:01]} a5 {[%emt 0:00:01]} 8. Nge2 {[%emt 0:00:02]} Nf6 {[%emt 0:00:02]} 9. O-O {[%emt 0:00:06]} O-O {[%emt 0:00:01]} 10. Rb1 {[%emt 0:00:01]} Bd7 {[%emt 0:00:23]} 11. b3 {[%emt 0:00:03]} Ne8 {[%emt 0:00:04]} 12. a3 {[%emt 0:00:02]} f5 {[%emt 0:00:11]} 13. exf5 {[%emt 0:00:02]} gxf5 {[%emt 0:00:01]} 14. f4 {[%emt 0:00:01]} e4 {[%emt 0:00:10]} 15. Be3 {[%emt 0:00:05]} Nf6 {[%emt 0:00:03]} 16. h3 {[%emt 0:00:04]} Qe8 {[%emt 0:00:05]} 17. Nd4 {[%emt 0:00:07]} c6 {[%emt 0:00:36]} 18. b4 {[%emt 0:00:12]} axb4 {[%emt 0:00:01]} 19. axb4 {[%emt 0:00:02]} Nd3 {[%emt 0:00:06]} 20. dxc6 {[%emt 0:00:12]} bxc6 {[%emt 0:00:06]} 21. Bxd3 {[%emt 0:00:09]} exd3 {[%emt 0:00:02]} 22. Qxd3 {[%emt 0:00:02]} Qg6 {[%emt 0:00:46]} 23. b5 {[%emt 0:00:14]} c5 {[%emt 0:00:08]} 24. Nc6 {[%emt 0:00:08]} Rae8 {[%emt 0:00:23]} 25. Rf3 {[%emt 0:00:14]} Ne4 {[%emt 0:00:05]} 26. Nd5 {[%emt 0:00:09]} Kh8 {[%emt 0:00:06]} 27. Kh2 {[%emt 0:00:23]} Qh6 {[%emt 0:00:09]} 28. Qc2 {[%emt 0:00:07]} Qg6 {[%emt 0:00:01]} 29. Bc1 {[%emt 0:00:04]} Qf7 {[%emt 0:00:07]} 30. Bb2 {[%emt 0:00:03]} Be6 {[%emt 0:00:02]} 31. Ne3 {[%emt 0:00:08]} Qd7 {[%emt 0:00:05]} 32. Rd1 {[%emt 0:00:15]} Qf7 {[%emt 0:00:01]} 33. Nf1 {[%emt 0:00:11]} Rg8 {[%emt 0:00:04]} 34. Ng3 {[%emt 0:00:01]} Bxb2 {[%emt 0:00:03]} 35. Qxb2+ {[%emt 0:00:01]} Rg7 {[%emt 0:00:00]} 36. Nxe4 {[%emt 0:00:08]} fxe4 {[%emt 0:00:02]} 37. Rg3 {[%emt 0:00:06]} Reg8 {[%emt 0:00:00]} 38. Rf1 {[%emt 0:00:02]} Bxc4 {[%emt 0:00:01]} 39. Rf2 {[%emt 0:00:06]} Bd5 {[%emt 0:00:01]} 40. Qa1 {[%emt 0:00:12]} h5 {[%emt 0:00:02]} 41. Rg5 {[%emt 0:00:04]} Kh7 {[%emt 0:00:02]} 42. Ra2 {[%emt 0:00:12]} Qxf4+ {[%emt 0:00:02]} 0-1

[Event "EWIBCC 2019"]
[Site "Monte-Carlo"]
[Date "2019.11.29"]
[Round "2.6"]
[White "Michna, Marta"]
[Black "Rogule, Laura"]
[Result "1/2-1/2"]
[WhiteElo "2366"]
[BlackElo "2293"]
[Annotator "ChessBase"]
[PlyCount "81"]
[EventDate "2019.11.29"]
[EventType "swiss"]
[EventCountry "MNC"]
[SourceTitle "playchess.com"]
[Source "ChessBase"]
[SourceQuality "1"]
[TimeControl "180+2"]

1. Nf3 {[%emt 0:00:00]} d5 {[%emt 0:00:00]} 2. d3 {[%emt 0:00:00]} Nf6 {[%emt 0:00:01]} 3. Nbd2 {[%emt 0:00:01]} Nbd7 {[%emt 0:00:08]} 4. g3 {[%emt 0:00:07]} c6 {[%emt 0:00:02]} 5. Bg2 {[%emt 0:00:01]} e5 {[%emt 0:00:02]} 6. e4 {[%emt 0:00:05]} dxe4 {[%emt 0:00:09]} 7. dxe4 {[%emt 0:00:01]} Bc5 {[%emt 0:00:02]} 8. O-O {[%emt 0:00:04]} O-O {[%emt 0:00:03]} 9. c3 {[%emt 0:00:06]} a5 {[%emt 0:00:18]} 10. a4 {[%emt 0:00:04]} Qc7 {[%emt 0:00:15]} 11. Qc2 {[%emt 0:00:02]} Rd8 {[%emt 0:00:02]} 12. Nc4 {[%emt 0:00:15]} b6 {[%emt 0:00:17]} 13. Rd1 {[%emt 0:00:17]} Ba6 {[%emt 0:00:01]} 14. Ne3 {[%emt 0:00:08]} Bf8 {[%emt 0:00:08]} 15. Nd2 {[%emt 0:01:26]} Nc5 {[%emt 0:00:02]} 16. Ndc4 {[%emt 0:00:16]} Rxd1+ {[%emt 0:00:05]} 17. Qxd1 {[%emt 0:00:01]} Rd8 {[%emt 0:00:01]} 18. Qc2 {[%emt 0:00:01]} g6 {[%emt 0:00:13]} 19. Bd2 {[%emt 0:00:04]} Bh6 {[%emt 0:00:14]} 20. Be1 {[%emt 0:00:02]} Nd3 {[%emt 0:00:07]} 21. Rd1 {[%emt 0:00:07]} Nxe1 {[%emt 0:00:04]} 22. Rxe1 {[%emt 0:00:01]} b5 {[%emt 0:00:06]} 23. Na3 {[%emt 0:00:01]} Rd7 {[%emt 0:00:09]} 24. Bh3 {[%emt 0:00:03]} Rd6 {[%emt 0:00:03]} 25. Bf1 {[%emt 0:00:05]} Qb7 {[%emt 0:00:18]} 26. Rd1 {[%emt 0:00:01]} Rxd1 {[%emt 0:00:05]} 27. Qxd1 Bxe3 {[%emt 0:00:03]} 28. fxe3 {[%emt 0:00:07]} Nxe4 {[%emt 0:00:04]} 29. Qd8+ {[%emt 0:00:02]} Kg7 {[%emt 0:00:01]} 30. Bg2 {[%emt 0:00:14]} Qa7 {[%emt 0:00:20]} 31. Nc2 {[%emt 0:00:01]} Nc5 {[%emt 0:00:10]} 32. axb5 {[%emt 0:00:02]} Bxb5 {[%emt 0:00:05]} 33. Qd6 {[%emt 0:00:01]} Nd3 {[%emt 0:00:11]} 34. Bf1 {[%emt 0:00:05]} e4 {[%emt 0:00:06]} 35. Nd4 {[%emt 0:00:02]} Nxb2 {[%emt 0:00:07]} 36. Qe5+ {[%emt 0:00:02]} Kg8 {[%emt 0:00:02]} 37. Qe8+ {[%emt 0:00:01]} Kg7 {[%emt 0:00:01]} 38. Qe5+ {[%emt 0:00:01]} Kg8 {[%emt 0:00:01]} 39. Qe8+ {[%emt 0:00:03]} Kg7 {[%emt 0:00:01]} 40. Qe5+ {[%emt 0:00:00]} Kg8 {[%emt 0:00:01]} 41. Qe8+ {[%emt 0:00:01]} 1/2-1/2

[Event "EWIBCC 2019"]
[Site "Monte-Carlo"]
[Date "2019.11.29"]
[Round "2.7"]
[White "Arakhamia-Grant, Ketevan"]
[Black "Paehtz, Elisabeth"]
[Result "0-1"]
[WhiteElo "2376"]
[BlackElo "2484"]
[Annotator "TA"]
[PlyCount "68"]
[EventDate "2019.11.29"]
[EventType "swiss"]
[EventCountry "MNC"]
[SourceTitle "playchess.com"]
[Source "ChessBase"]
[SourceQuality "1"]

{[%evp 9,68,-1,15,0,16,-13,0,-22,10,-8,-13,-7,-8,-24,-18,-25,-30,-72,-51,-92,-87,-94,-87,-106,-97,-118,-60,-109,-85,-87,-43,-44,-7,-22,0,-29,-15,-84,-37,-97,-94,-109,-66,-73,-74,-98,-83,-147,-171,-846,-840,-871,-843,-1081,-1016,-3616,-2682,-29992,-29993,-29993,-483]} 1. e4 c5 2. Nf3 d6 3. Bb5+ Nd7 4. c3 Ngf6 5. d3 g6 6. O-O {B51: Sicilian: Moscow Variation (3 Bb5+) without 3...Bd7} Bg7 7. Ba4 (7. Re1 a6 8. Ba4 O-O 9. Bc2 e5 10. a4 b6 11. d4 exd4 12. cxd4 cxd4 13. Nxd4 {0-1 (67) Nakamura,H (2779)-Vachier Lagrave,M (2804) Doha 2016}) 7... O-O 8. Nbd2 {The position is equal.} e5 $146 ({Predecessor:} 8... b6 9. Bc2 Bb7 10. Re1 Rc8 11. Qe2 b5 12. Nf1 Qc7 13. Bd2 {0-1 (52) Svetushkin,D-Bakhtadze,G Szeged 1994}) 9. Re1 a6 10. Bb3 b5 11. a4 Bb7 12. Nf1 Qc7 13. Ng3 c4 14. Bc2 cxd3 15. Bxd3 bxa4 16. Rxa4 Nc5 17. Ra3 Rfd8 (17... d5 $17 18. exd5 Nxd3 19. Qxd3 Nxd5) 18. Bc2 d5 19. exd5 Bxd5 ({Don't play} 19... Rxd5 $6 20. Qe2 $11) 20. Qe2 e4 21. Nd4 Re8 22. Be3 h5 23. b4 (23. h3 $11) 23... Ncd7 24. Bb3 ({White should try} 24. h3 $15) 24... Bxb3 25. Rxb3 h4 26. Nf1 h3 27. g3 Ne5 28. Ra1 (28. Nd2 $142) 28... Nd5 $17 29. Rxa6 $2 {[#]} (29. Bd2) 29... Nxc3 $19 30. Rxc3 Qxc3 31. Rxa8 Rxa8 32. Qb5 Rd8 33. Qb6 {[#]} Rxd4 $1 {[%mdl 576] Remove Defender, Decoy} 34. Bxd4 (34. Qxd4 Nf3+) 34... Nf3+ {[%mdl 64] Double Attack. Accuracy: White =  8%, Black = 66%.} 0-1

[Event "EWIBCC 2019"]
[Site "Monte-Carlo"]
[Date "2019.11.29"]
[Round "2.8"]
[White "Bodnaruk, Anastasia"]
[Black "Skuhala, Barbara"]
[Result "1/2-1/2"]
[WhiteElo "2412"]
[BlackElo "2109"]
[Annotator "ChessBase"]
[PlyCount "124"]
[EventDate "2019.11.29"]
[EventType "swiss"]
[EventCountry "MNC"]
[SourceTitle "playchess.com"]
[Source "ChessBase"]
[SourceQuality "1"]
[TimeControl "180+2"]

1. e4 {[%emt 0:00:00]} c5 {[%emt 0:00:00]} 2. Nf3 {[%emt 0:00:00]} d6 {[%emt 0:00:00]} 3. d4 {[%emt 0:00:00]} cxd4 {[%emt 0:00:01]} 4. Nxd4 {[%emt 0:00:01]} Nf6 {[%emt 0:00:01]} 5. Nc3 {[%emt 0:00:01]} a6 {[%emt 0:00:02]} 6. h3 {[%emt 0:00:02]} e5 {[%emt 0:00:04]} 7. Nde2 {[%emt 0:00:05]} Be7 {[%emt 0:00:01]} 8. g4 {[%emt 0:00:06]} Be6 {[%emt 0:00:05]} 9. Bg2 {[%emt 0:00:02]} Nc6 {[%emt 0:00:02]} 10. Be3 {[%emt 0:00:11]} Rc8 {[%emt 0:00:04]} 11. O-O {[%emt 0:00:11]} O-O {[%emt 0:00:08]} 12. Nd5 {[%emt 0:00:25]} Bxd5 {[%emt 0:00:08]} 13. exd5 {[%emt 0:00:01]} Nb8 {[%emt 0:00:12]} 14. Ng3 {[%emt 0:00:05]} Re8 {[%emt 0:00:08]} 15. Nf5 {[%emt 0:00:09]} Bf8 {[%emt 0:00:01]} 16. g5 {[%emt 0:00:17]} Nfd7 {[%emt 0:00:02]} 17. c3 {[%emt 0:00:10]} g6 {[%emt 0:00:02]} 18. Ng3 {[%emt 0:00:03]} f5 {[%emt 0:00:05]} 19. gxf6 {[%emt 0:00:04]} Qxf6 {[%emt 0:00:02]} 20. Ne4 {[%emt 0:00:04]} Qg7 {[%emt 0:00:03]} 21. h4 {[%emt 0:00:05]} Nf6 {[%emt 0:00:03]} 22. Nxf6+ {[%emt 0:00:23]} Qxf6 {[%emt 0:00:01]} 23. Bh3 {[%emt 0:00:02]} Rc7 {[%emt 0:00:08]} 24. Qg4 {[%emt 0:00:05]} Nd7 {[%emt 0:00:21]} 25. f4 {[%emt 0:00:25]} Qg7 {[%emt 0:00:02]} 26. f5 {[%emt 0:00:07]} Nf6 {[%emt 0:00:04]} 27. Qg2 {[%emt 0:00:08]} gxf5 {[%emt 0:00:05]} 28. Rxf5 {[%emt 0:00:03]} Qxg2+ {[%emt 0:00:04]} 29. Bxg2 {[%emt 0:00:03]} Bg7 {[%emt 0:00:10]} 30. Raf1 {[%emt 0:00:06]} Rf7 {[%emt 0:00:01]} 31. Bg5 {[%emt 0:00:06]} Ref8 {[%emt 0:00:01]} 32. c4 {[%emt 0:00:06]} Ne8 {[%emt 0:00:05]} 33. Be4 {[%emt 0:00:08]} Rxf5 {[%emt 0:00:03]} 34. Bxf5 {[%emt 0:00:02]} Kh8 {[%emt 0:00:04]} 35. Be7 {[%emt 0:00:02]} Rf7 {[%emt 0:00:02]} 36. Bd8 {[%emt 0:00:05]} Bf6 {[%emt 0:00:19]} 37. Be6 {[%emt 0:00:05]} Rg7+ {[%emt 0:00:02]} 38. Kh2 {[%emt 0:00:01]} Rg6 {[%emt 0:00:17]} 39. Bf7 {[%emt 0:00:11]} Rh6 {[%emt 0:00:02]} 40. Bxe8 {[%emt 0:00:02]} Bxd8 {[%emt 0:00:01]} 41. h5 {[%emt 0:00:01]} Rf6 {[%emt 0:00:02]} 42. Rxf6 {[%emt 0:00:03]} Bxf6 {[%emt 0:00:03]} 43. Bd7 {[%emt 0:00:01]} b6 {[%emt 0:00:01]} 44. b4 {[%emt 0:00:03]} a5 {[%emt 0:00:06]} 45. a3 {[%emt 0:00:02]} axb4 {[%emt 0:00:02]} 46. axb4 {[%emt 0:00:00]} Bg5 {[%emt 0:00:01]} 47. Kg3 {[%emt 0:00:02]} Be3 {[%emt 0:00:05]} 48. Kg4 {[%emt 0:00:06]} Kg7 {[%emt 0:00:02]} 49. Kf5 {[%emt 0:00:01]} Kf7 {[%emt 0:00:02]} 50. Be6+ {[%emt 0:00:02]} Ke7 {[%emt 0:00:01]} 51. Bg8 {[%emt 0:00:02]} h6 {[%emt 0:00:01]} 52. Be6 {[%emt 0:00:03]} Bd2 {[%emt 0:00:01]} 53. c5 {[%emt 0:00:02]} dxc5 {[%emt 0:00:08]} 54. bxc5 {[%emt 0:00:01]} bxc5 {[%emt 0:00:01]} 55. Kxe5 {[%emt 0:00:02]} c4 {[%emt 0:00:05]} 56. d6+ {[%emt 0:00:00]} Kd8 {[%emt 0:00:01]} 57. Bxc4 {[%emt 0:00:01]} Bg5 {[%emt 0:00:01]} 58. Bb5 {[%emt 0:00:03]} Bd2 {[%emt 0:00:02]} 59. Ke6 {[%emt 0:00:05]} Bc1 {[%emt 0:00:02]} 60. Kd5 {[%emt 0:00:02]} Bg5 {[%emt 0:00:01]} 61. Ke6 {[%emt 0:00:01]} Bc1 {[%emt 0:00:01]} 62. d7 {[%emt 0:00:03]} Bg5 {[%emt 0:00:01]} 1/2-1/2

[Event "EWIBCC 2019"]
[Site "Monte-Carlo"]
[Date "2019.11.29"]
[Round "2.9"]
[White "Belenkaya, Dina"]
[Black "Gunina, Valentina"]
[Result "0-1"]
[WhiteElo "2302"]
[BlackElo "2509"]
[Annotator "TA"]
[PlyCount "38"]
[EventDate "2019.11.29"]
[EventType "swiss"]
[EventCountry "MNC"]
[SourceTitle "playchess.com"]
[Source "ChessBase"]
[SourceQuality "1"]

{[%evp 10,49,-8,-11,-5,-10,27,-14,0,-28,0,-22,-11,-7,14,-12,-12,-13,-2,-40,-41,-82,-73,-89,-25,-52,-70,-258,-282,-255,-104,-114,-104,-122,-85,-1834,-1836,-1766,-1764,-29995,-29996,-29999]} 1. e4 c6 2. d3 d5 3. Nd2 e5 4. g3 Nf6 5. Bg2 Bc5 6. Ngf3 O-O {A00: Irregular Openings} 7. O-O Nbd7 {[%cal Bb8d7,Bd7f8,Bf8g6][%mdl 32]} 8. h3 (8. Nb3 Bb6 9. Nh4 Nc5 10. Bg5 dxe4 11. Nxc5 Bxc5 12. dxe4 Qxd1 13. Raxd1 Bg4 14. Rd2 Rfd8 15. Rxd8+ Rxd8 16. Bf3 Bh3 17. Bxf6 gxf6 18. Rd1 Rxd1+ 19. Bxd1 Be6 {½-½ (19) Predojevic,B (2626)-El Debs,F (2499) Moscow 2011}) 8... Re8 {The position is equal.} 9. Re1 dxe4 10. dxe4 Nf8 11. Qe2 Ng6 12. c3 $146 ({Predecessor:} 12. Nf1 Qb6 13. N3d2 Be6 14. Nb3 Bf8 15. Be3 c5 16. Qd2 a5 {0-1 (33) Montolio Benedicto,C-Vega,F Mesa 1992}) 12... h6 13. Nc4 b5 14. Ncd2 (14. Be3 $5 {[%cal Re3c5]}) 14... Be6 $36 {[%mdl 2048] Black is pushing.} 15. b3 a5 16. a4 Qb6 (16... Qd7 $17 17. Qf1 Reb8) 17. axb5 cxb5 18. Bb2 $2 (18. Ba3 $15) 18... Nh5 $1 $19 {[%cal Rh5g3] Threatens to win with ...Nxg3.} 19. Nf1 {[#]} Nxg3 {Played: Nh5-f4} 0-1